| 000 | 00884nam a22002297a 4500 | ||
|---|---|---|---|
| 999 |
_c2338 _d2338 |
||
| 003 | AR-CdUCM | ||
| 008 | 190304b ||||| |||| 00| 0 spa d | ||
| 040 |
_aMUNICIPALIDAD PROVINCIAL DEL CUSCO _cBIBLIOTECA MUNICIPAL DEL CUSCO |
||
| 082 |
_23ed. _a372 / _bAR69 |
||
| 100 |
_aArévalo, Juan José _98433 |
||
| 245 | _aLa Pedagogía en la Personalidad / | ||
| 260 |
_aBuenos Aires : _bEl Ateneo ; _c1957. |
||
| 300 |
_a198 páginas _c19cm |
||
| 505 | _aContenido: Pedagogía Noológica -- La escuela al servicio de la personalidad en formación -- Pedagogía sobre base pedagógica -- Caracteres generales de la pedagogía en la personalidad -- las jerarquías de la personalidad | ||
| 650 |
_aPersonalidad _9925 |
||
| 650 |
_aPedagogía _91560 |
||
| 650 |
_aEscuela _91856 |
||
| 650 |
_aFormación _98434 |
||
| 650 |
_aDesarrollo _92021 |
||
| 942 |
_2ddc _cLIBROS |
||
| 945 | _anom | ||